00613nam a2200181Ia 4500008004100000082001300041100002900054245004100083250000800124260002500132300001000157500002400167650001600191942000700207952010000214952010000314999001700414230524s9999 xx 000 0 und d a510bLIP aSeymour Lipschupz911155 0aTheory and Problems of : Probability a1ST aNEW DELHIbTMHc1981 aI;152 aQuantity Number: 2 aMathematics cBK 00104070aTATCLbTATCLcGENd2023-05-24l0o510 LIPp9089r2023-05-24w2023-05-24yBKzMCC305 00104070aTATCLbTATCLcGENd2023-05-24l0o510 LIPp9090r2023-05-24w2023-05-24yBKzMCC305 c33746d33746